000 00341nam a22001337a 4500
040 _cNUST
082 _a200 THE
100 _aROZINA NISA
_931574
110 _aDR USMAN QAMAR
_984070
245 _aTH-SOF-0880-MINING MEANING OF WEB SERVICES
260 _aISLAMABAD:
_bNUST COLLEGE OF EME,
_c2014.
650 _aMS-CSE-11
942 _2ddc
_cTHE
999 _c593083
_d593083